Power electronics (Record no. 1404)

000 -LEADER
fixed length control field 00542nam a2200205 4500
001 - CONTROL NUMBER
control field 1404
003 - CONTROL NUMBER IDENTIFIER
control field BD-DhUET
008 - FIXED-LENGTH DATA ELEMENTS--GENERAL INFORMATION
fixed length control field 140906b xxu||||| |||| 00| 0 eng d
020 ## - INTERNATIONAL STANDARD BOOK NUMBER
International Standard Book Number 8120325036
040 ## - CATALOGING SOURCE
Transcribing agency 0
Modifying agency BD-DhUET
082 ## - DEWEY DECIMAL CLASSIFICATION NUMBER
Classification number 623.17
Item number RAS/2004
100 ## - MAIN ENTRY--PERSONAL NAME
Personal name Rashid, Muhammad H.
245 ## - TITLE STATEMENT
Title Power electronics
Remainder of title circuits, devices, and applications
250 ## - EDITION STATEMENT
Edition statement 3rd ed.
260 ## - PUBLICATION, DISTRIBUTION, ETC. (IMPRINT)
Place of publication, distribution, etc. New Delhi
Name of publisher, distributor, etc. Prentice-Hall of India
Date of publication, distribution, etc. 2004
300 ## - PHYSICAL DESCRIPTION
Extent xxiv,880p.
504 ## - BIBLIOGRAPHY, ETC. NOTE
Bibliography, etc Includes bibliographies
650 #0 - SUBJECT ADDED ENTRY--TOPICAL TERM
Topical term or geographic name as entry element Power electronics
942 ## - ADDED ENTRY ELEMENTS (KOHA)
Koha item type General Book
Holdings
Piece designation (barcode) Koha date last seen Sublocation or collection (holding branch) Koha item type Source of classification or shelving scheme Withdrawn status Koha date last borrowed Koha full call number Damaged status Copy number Lost status Location (home branch) Price effective from Koha normalized classification for sorting Not for loan Shelving location Koha issues (times borrowed) Date acquired
1036522022-04-12Central Library, BUETGeneral Book  2021-12-19623.17/RAS/2004 1 Central Library, BUET2014-09-06623_000000000000000_17RAS2004 Circulation section42014-09-06
1036532022-11-29Central Library, BUETGeneral Book  2022-11-29623.17/RAS/2004 2 Central Library, BUET2014-09-06623_000000000000000_17RAS2004 Circulation section12014-09-06
1036542018-11-27Central Library, BUETGeneral Book  2018-10-28623.17/RAS/2004 3 Central Library, BUET2014-09-06623_000000000000000_17RAS2004 Circulation section22014-09-06
1036552014-09-06Central Library, BUETGeneral Book   623.17/RAS/2004 4 Central Library, BUET2014-09-06623_000000000000000_17RAS2004 Circulation section 2014-09-06
1036562016-03-07Central Library, BUETGeneral Book  2014-12-07623.17/RAS/2004 5 Central Library, BUET2014-09-06623_000000000000000_17RAS2004 Circulation section12014-09-06
1036572025-01-26Central Library, BUETGeneral Book  2023-09-23623.17/RAS/2004 6 Central Library, BUET2014-09-06623_000000000000000_17RAS2004 Circulation section42014-09-06
1036582025-02-09Central Library, BUETGeneral Book  2024-12-08623.17/RAS/2004 7 Central Library, BUET2014-09-06623_000000000000000_17RAS2004 Circulation section32014-09-06
1036592023-10-04Central Library, BUETGeneral Book  2023-09-24623.17/RAS/2004 8 Central Library, BUET2014-09-06623_000000000000000_17RAS2004 Circulation section32014-09-06
1036602014-09-06Central Library, BUETGeneral Book   623.17/RAS/2004 9 Central Library, BUET2014-09-06623_170000000000000_RAS_2004 Circulation section 2014-09-06
1036612014-09-06Central Library, BUETGeneral Book   623.17/RAS/2004 10 Central Library, BUET2014-09-06623_000000000000000_17RAS2004 Circulation section 2014-09-06